Poeta chileno.
Guardat en:
| Autor principal: | |
|---|---|
| Format: | Desconegut |
| Idioma: | anglès |
| Publicat: |
Santiago, Chile:
Anagrama,
2021.
|
| Edició: | Octava edición. |
| Col·lecció: | Narrativas hispánicas,
|
| Matèries: | |
| Etiquetes: |
Afegir etiqueta
Sense etiquetes, Sigues el primer a etiquetar aquest registre!
|
MARC
| LEADER | 00000 a2200000 4500 | ||
|---|---|---|---|
| 003 | CL-VaPUC | ||
| 005 | 20230607092256.0 | ||
| 008 | 230529t2021 ||||| |||| 00| 0 eng d | ||
| 999 | |c 440768 |d 440766 | ||
| 020 | |a 978-956-6045-29-8 | ||
| 040 | |c Pontificia Universidad Católica de Valparaíso | ||
| 082 | |2 22 |a Ch863.64 ZAM 2021 | ||
| 100 | |9 559916 |a Zambra Infantas, Alejandro, |d 1975- |e autor | ||
| 245 | |a Poeta chileno. | ||
| 250 | |a Octava edición. | ||
| 260 | |a Santiago, Chile: |b Anagrama, |c 2021. | ||
| 300 | |a 421 páginas. | ||
| 490 | |a Narrativas hispánicas, |n 641. | ||
| 583 | |k Catalogador Asistente |c 20230529 | ||
| 650 | 0 | |a Literatura chilena |y Siglo 20 |9 308278 | |
| 650 | 0 | |9 265425 |a Novelas chilenas |x Familia de poetas |y Siglo 21 | |
| 942 | |2 ddc |c BK | ||
| 952 | |0 0 |1 0 |2 ddc |4 0 |6 CH_863_640000000000000_ZAM_2021 |7 0 |8 A |9 590197 |a BIBART |b BIBART |c GEN |d 2023-05-25 |e 181 |g 17000.00 |i 5657543 |l 1 |o Ch863.64 ZAM 2021 |p 5657543 |r 2025-03-13 |s 2024-04-09 |t 1 |v 17000.00 |w 2023-05-25 |y BK |k ART | ||